11.Horrorfilm-Duell: Jason Voorhees vs. Predator - Statistiken

Allgemein
  • Dieses Quiz wurde 9 mal gespielt
  • Das Durchschnittsergebnis liegt bei 8 aus 12
Antwortstatistiken
Frage Antwort % Korrekt
Wiedererkennungswert Jason Voorhees
100%
Horrorikonenstatus Jason Voorhees
100%
Brutalität Jason Voorhees
86%
Sieger Jason Voorhees
86%
Intelligenz Predator
86%
Unsterblichkeit Jason Voorhees
71%
Opferzahl Jason Voorhees
57%
Psychologischer Horror Jason Voorhees
57%
Ausstrahlung Jason Voorhees
57%
Kreativität Predator
43%
Übernatürliche Kräfte Jason Voorhees
29%
Physische Kraft Predator
0%
Keine übereinstimmenden Quizze gefunden
Verteilung der Resultate
Anzahl Personen mit jedem Resultat
Perzentil nach korrekt beantworteten Fragen
Ihre Resultats-Entwicklung
Sie haben dieses Quiz noch nicht gespielt